Quinientos años de conquista y resistencia indígena
Gorde:
| Egile nagusia: | |
|---|---|
| Formatua: | Liburua |
| Hizkuntza: | Spanish |
| Argitaratua: |
Panamá
Coordinadora Popular de Derechos Humanos de Panamá, COPODEHUPA
1992
|
| Gaiak: | |
| Etiketak: |
Etiketa erantsi
Etiketarik gabe, Izan zaitez lehena erregistro honi etiketa jartzen!
|
MARC
| LEADER | 00000nam a22000007a 4500 | ||
|---|---|---|---|
| 003 | cru CIDCACS/IIS | ||
| 005 | 20181119160101.0 | ||
| 008 | 180518b ||||| |||| 00| 0 spa d | ||
| 999 | |c 41447 |d 41447 | ||
| 040 | |c cru CIDCACS/IIS | ||
| 090 | |a 14.03.01 J42q | ||
| 100 | 1 | |9 7239 |a Jayan Cortez, Dorindo |e Autor | |
| 245 | 1 | 0 | |a Quinientos años de conquista y resistencia indígena |
| 260 | |a Panamá |b Coordinadora Popular de Derechos Humanos de Panamá, COPODEHUPA |c 1992 | ||
| 300 | |a 55 páginas | ||
| 500 | |a Colección Alforja | ||
| 650 | 1 | 7 | |9 3737 |a POBLACION INDIGENA |
| 650 | 1 | 7 | |9 4466 |a CONQUISTA |
| 650 | 1 | 7 | |9 136 |a HISTORIA |
| 651 | 1 | 0 | |9 128 |a AMERICA CENTRAL |
| 942 | |2 ddc |c LI | ||
